000 00552nam a2200193Ia 4500
005 20260120124556.0
008 008 260114s9999 xx 000 0 eng d
020 _a9781780521701
037 _aEBOOK
040 _aCRL
_beng
_cCRL
041 _aeng
_2eng
084 _qCRL
245 0 _aNew Directions in Information Behaviour
260 _bEmerald Publishing
_c2011
700 _aAmanda Spink
_9907946
856 _uhttps://www.emerald.com/insight/publication/doi/10.1108/S1876-0562(2011)1
942 _cEBOOK
999 _c1499835
_d1499835